Mapping Websites

Bibliographic Details
Main Author: Kahn, Paul
Other Authors: Lenk, Krzysztof
Format: Book
Published: Netherlands : Potovision , 2001
Subjects:

MARC

LEADER 00000cam a2200000 7i4500
001 0000012278
005 20050616.0
020 |a 28880464641 
040 |a INS 
090 0 0 |a TK5105.888   |b K1221 2001 
100 1 |a Kahn, Paul 
245 1 0 |a Mapping Websites   |c Paul Kahn 
260 |a Netherlands :   |b Potovision ,   |c 2001 
300 |a 143p. :   |b 30 cm 
650 0 0 |a Website Design Computer Graphics   |x Information display systems   |y Formatting Psychological aspects 
700 1 |a Lenk, Krzysztof 
999 |a 0000011821   |b BOOK   |c Open Shelf   |e Default branch